Statistics for Countries that Controlled South America (with a map)

Click here to take the quiz!

General Stats

  • This quiz has been taken 799 times
  • The average score is 13 of 13

Answers on the Map

Answers color-coded by a green-red scale on the quiz's map according to % correct below.
 

Answer Stats

Country% Correct
Argentina
99%
Bolivia
99%
Chile
99%
Colombia
99%
Ecuador
99%
Paraguay
99%
Peru
99%
Uruguay
99%
Venezuela
99%
Brazil
98%
French Guiana
98%
Guyana
96%
Suriname
91%

Score Distribution

Percentile by Number Answered

Percent of People with Each Score

Your Score History

You have not taken this quiz